World Capitals - Sudden Death Picture Quiz - Statistics

General Stats
  • This quiz has been taken 124 times
  • The average score is 8 of 15
Answers on the Grid
Answers color-coded by a green-red scale on the quiz's grid according to % correct below.
 
Answer Stats
Answer % Correct
Paris
86%
Rome
78%
Moscow
73%
Berlin
72%
London
67%
Copenhagen
63%
Washington, DC
54%
Tokyo
53%
Beijing
43%
Jerusalem
37%
Athens
37%
Singapore
35%
Taipei
35%
Cape Town
30%
Bangkok
28%
No matching quizzes found
Score Distribution
Percent of People with Each Score
Percentile by Number Answered
Your Score History
You have not taken this quiz